000 00438nam a2200169Ia 4500
005 20250923144542.0
008 008 250917s9999 xx 000 0 eng d
037 _aTextual
040 _aDSWL
_beng
_cDSWL
041 _aeng
_2eng
084 _qDSWL
245 0 _aLow income families in USA
_cby of Govt of USA
260 _aUSA
_bGovt Printing Office
_c1955
300 _av,757 p.
942 _cTEXL
999 _c1440392
_d1440392